Management - Global Edition 16/e

Na minha lista:
Detalhes bibliográficos
Autor principal: Robbins
Formato: Livro
Publicado em: Pearson UK
Tags: Adicionar Tag
Sem tags, seja o primeiro a adicionar uma tag!

MARC

LEADER 00000nam a2200000Ia 4500
005 20260513122055.0
020 |a 9781292462691 
100 |a Robbins 
365 |c £ 
365 |b 25.00 
942 |c BK 
245 |a Management - Global Edition 16/e 
260 |b Pearson UK 
999 |c 135  |d 135 
952 |0 0  |1 0  |4 0  |7 0  |a UNSW  |b UNSW  |d 2026-05-06  |g 67.99  |i 16683  |l 0  |p 000053  |r 2026-05-13 12:20:55  |v 67.99  |w 2026-05-13  |y BK 
952 |0 0  |1 0  |4 0  |7 0  |a UNSW  |b UNSW  |d 2026-05-06  |g 67.99  |i 16687  |l 0  |p 000101  |r 2026-05-13 12:20:55  |v 67.99  |w 2026-05-13  |y BK